|
|
|
|
| LEADER |
00000nam a2200000 a 4500 |
| 001 |
vtls001261060 |
| 003 |
SK-MaSNL |
| 005 |
20260301234503.0 |
| 008 |
251124s1962 RU 0 bel |
| 035 |
|
|
|a SNK000211918
|
| 040 |
|
|
|a SNK
|b slo
|c SNK
|e AACR2
|
| 041 |
0 |
|
|a bel
|
| 044 |
|
|
|a RU
|
| 245 |
1 |
|
|a Belaruska-ruski slounik
|c pad red. Kondrata Kondratoviča Krapivy (Atrachoviča)
|
| 260 |
|
|
|a Maskva
|b Dziaržau. vydav. zamež. i nacyjanaľ. slounikau
|c 1962
|
| 300 |
|
|
|a 1048 s.
|c 4°
|
| 700 |
1 |
|
|a Krapiv, Kondrat Kondratovič
|4 ini
|9 630568
|
| 958 |
|
|
|a RK
|
| 999 |
|
|
|c 970259
|d 972189
|
| 952 |
|
|
|t P60, <04>, [BOOK], {604}
|a SNK
|b SNK
|y VYP
|7 0
|p 17A0492842
|o snkIB 13563
|i snkV 154/63
|0 0
|1 0
|4 0
|d 1996-07-19
|l 0
|r 2005-01-01 00:00:00
|w 2026-02-24
|